Which country joined the UN first-X,Y or =? Quiz Stats

 Plays Quiz not verified by Sporcle

Challenge
Share
Tweet
Embed
Score 0/96 Timer 10:00
0 Plays Today
Countries X/Y/= % Correct
Type SOUTH SUDAN to start ???
100%
Afghanistan or Albania???
62.7%
Algeria or Andorra???
55.9%
Angola or Antigua and Barbuda???
50.8%
Argentina or Armenia???
50.8%
Australia or Austria???
44.1%
Bolivia or Bosnia and Herzegovina???
33.9%
Azerbaijan or Bahamas???
32.2%
Belgium or Belize???
32.2%
Canada or Cape Verde???
32.2%
Congo or Costa Rica???
32.2%
Cambodia or Cameroon???
30.5%
Colombia or Comoros???
30.5%
Benin or Bhutan???
28.8%
Bahrain or Bangladesh???
27.1%
Ghana or Greece???
27.1%
Cote d'Ivoire or Croatia???
25.4%
Denmark or Djibouti???
25.4%
Dominica or the Dominican Republic???
25.4%
El Salvador or Equatorial Guinea???
25.4%
Finland or France???
25.4%
Grenada or Guatemala???
25.4%
Guyana or Haiti???
25.4%
Iceland or India???
25.4%
Indonesia or Iran???
25.4%
Malta or the Marshall Islands???
25.4%
Botswana or Brazil???
23.7%
Burkina Faso or Burundi???
23.7%
Cuba or Cyprus???
23.7%
Ethiopia or Fiji???
23.7%
Georgia or Germany???
23.7%
Kenya or Kiribati???
23.7%
Countries X/Y/= % Correct
Malawi or Malaysia???
23.7%
Mauritania or Mauritius???
23.7%
Mexico or Micronesia???
23.7%
Norway or Oman???
23.7%
Russia/USSR or Rwanda ???
23.7%
Barbados or Belarus???
22%
Brunei or Bulgaria???
22%
Czech Republic or DR Congo???
22%
Eritrea or Estonia???
22%
Jamaica or Japan???
22%
Kuwait or Kyrgyzstan???
22%
Lebanon or Lesotho???
22%
Luxembourg or Madagascar???
22%
Nepal or the Netherlands???
22%
Serbia or Seychelles???
22%
Sweden or Switzerland???
22%
Tanzania or Thailand???
22%
The Former Yugoslav Republic of Macedonia or Timor-Leste???
22%
Trinidad and Tobago or Tunisia???
22%
Turkey or Turkmenistan???
22%
Tuvalu or Uganda???
22%
Vanuatu or Venezuela???
22%
Honduras or Hungary???
20.3%
Gabon or Gambia???
20.3%
Laos or Latvia???
20.3%
Monaco or Mongolia???
20.3%
Montenegro or Morocco???
20.3%
Mozambique or Myanmar (Burma)???
20.3%
Pakistan or Palau???
20.3%
Panama or Papua New Guinea???
20.3%
Republic of Moldova or Romania???
20.3%
Saudi Arabia or Senegal???
20.3%
Countries X/Y/= % Correct
Suriname or Swaziland???
20.3%
Syria or Tajikistan???
20.3%
Uruguay or Uzbekistan???
20.3%
Guinea or Guinea-Bissau???
18.6%
Liberia or Libya???
18.6%
Maldives or Mali???
18.6%
Saint Kitts and Nevis or Saint Lucia???
18.6%
Sri Lanka or Sudan???
18.6%
Togo or Tonga???
18.6%
UAE or Ukraine???
18.6%
Ecuador or Egypt???
16.9%
Iraq or Ireland???
16.9%
Jordan or Kazakhstan???
16.9%
Namibia or Nauru???
16.9%
Sierra Leone or Singapore???
16.9%
Solomon Islands or Somalia???
16.9%
Liechtenstein or Lithuania???
15.3%
Saint Vincent and the Grenadines or Samoa ???
15.3%
Slovakia or Slovenia???
13.6%
Vietnam or Yemen???
13.6%
Zambia or Zimbabwe???
13.6%
Niger or Nigeria???
11.9%
San Marino or Sao Tome and Principe???
11.9%
South Africa or Spain???
11.9%
Israel or Italy???
8.5%
Paraguay or Peru???
8.5%
Philippines or Poland???
6.8%
UK or USA???
6.8%
Central African Republic or Chad???
5.1%
North Korea or South Korea???
5.1%
Chile or 'China'???
3.4%
New Zealand or Nicaragua???
3.4%

You're not logged in!

Compare scores with friends on all Sporcle quizzes.
Join for Free
OR
Log In

You Might Also Like...

Show Comments

Extras

Top Quizzes Today


Score Distribution

Your Account Isn't Verified!

In order to create a playlist on Sporcle, you need to verify the email address you used during registration. Go to your Sporcle Settings to finish the process.

Report this User

Report this user for behavior that violates our Community Guidelines.

Details: